Результаты геоэкологических исследований р. Томи в зимнюю межень; Эколого-биогеохимические исследования в бассейне Оби

書誌詳細
Parent link:Эколого-биогеохимические исследования в бассейне Оби.— 2002.— С. 99-116
その他の著者: Савичев О. Г. Олег Геннадьевич, Двуреченская С. Я., Морозов С. В., Темерев С. В., Шуваева О. В., Колмаков Ю. С., Шварцев С. Л. Степан Львович
言語:ロシア語
出版事項: 2002
主題:
フォーマット: MixedMaterials 図書の章
KOHA link:https://koha.lib.tpu.ru/cgi-bin/koha/opac-detail.pl?biblionumber=157829

MARC

LEADER 00000naa2a2200000 4500
001 157829
005 20231215152305.0
035 |a (RuTPU)RU\TPU\book\171190 
090 |a 157829 
100 |a 20090414d2002 k y0rusy50 ca 
101 0 |a rus 
102 |a RU 
200 1 |a Результаты геоэкологических исследований р. Томи в зимнюю межень  |f О. Г. Савичев [и др.] 
320 |a Библиогр.: с. 115-116 (20 назв.) 
463 0 |0 (RuTPU)RU\TPU\book\54324  |t Эколого-биогеохимические исследования в бассейне Оби  |v С. 99-116  |d 2002  |p 390 с. 
610 1 |a труды учёных ТПУ 
701 1 |a Савичев  |b О. Г.  |c геолог  |c профессор Томского политехнического университета, доктор географических наук  |f 1967-  |g Олег Геннадьевич  |3 (RuTPU)RU\TPU\pers\25454  |9 11394 
701 1 |a Двуреченская  |b С. Я. 
701 1 |a Морозов  |b С. В. 
701 1 |a Темерев  |b С. В. 
701 1 |a Шуваева  |b О. В. 
701 1 |a Колмаков  |b Ю. С. 
701 1 |a Шварцев  |b С. Л.  |c российский гидрогеолог, доктор геолого-минералогических наук  |c профессор Томского политехнического университета, академик РАЕН  |f 1936-  |g Степан Львович  |3 (RuTPU)RU\TPU\pers\25914  |4 070 
801 1 |a RU  |b 63413507  |c 20090414  |g PSBO 
801 2 |a RU  |b 63413507  |c 20111106  |g PSBO 
942 |c BK